Survey of land-grant colleges and universities, (Record no. 21057)

MARC details
000 -LEADER
fixed length control field 01024cam a22002652 4500
001 - CONTROL NUMBER
control field e 30000338
003 - CONTROL NUMBER IDENTIFIER
control field DLC
005 - DATE AND TIME OF LATEST TRANSACTION
control field 20260227111220.0
008 - FIXED-LENGTH DATA ELEMENTS--GENERAL INFORMATION
fixed length control field 830608s1930 dcuad 000 0 eng
010 ## - LIBRARY OF CONGRESS CONTROL NUMBER
LC control number e 30000338
040 ## - CATALOGING SOURCE
Original cataloging agency DLC
Transcribing agency CarP
Modifying agency DLC
043 ## - GEOGRAPHIC AREA CODE
Geographic area code n-us---
050 00 - LIBRARY OF CONGRESS CALL NUMBER
Classification number L111
Item number .A6 1930, no. 9
051 ## - LIBRARY OF CONGRESS COPY, ISSUE, OFFPRINT STATEMENT
Classification number S533
Item number .A4 1930c
Copy information Copy 2.
110 1# - MAIN ENTRY--CORPORATE NAME
Corporate name or jurisdiction name as entry element United States.
Subordinate unit Office of education. [from old catalog]
245 10 - TITLE STATEMENT
Title Survey of land-grant colleges and universities,
Statement of responsibility, etc. directed by Arthur J. Klein, chief, Division of collegiate and professional education, Office of education ...
260 ## - PUBLICATION, DISTRIBUTION, ETC.
Place of publication, distribution, etc. Washington,
Name of publisher, distributor, etc. U.S. Govt. print. off.,
Date of publication, distribution, etc. 1930.
300 ## - PHYSICAL DESCRIPTION
Extent 2 v.
Other physical details tables, charts.
Dimensions 23 cm.
490 0# - SERIES STATEMENT
Series statement Bureau of education. Bulletin,
Volume/sequential designation 1930, no. 9 [from old catalog]
650 #0 - SUBJECT ADDED ENTRY--TOPICAL TERM
Topical term or geographic name entry element Universities and colleges
Geographic subdivision United States.
650 #0 - SUBJECT ADDED ENTRY--TOPICAL TERM
Topical term or geographic name entry element Agricultural colleges
Geographic subdivision United States.
650 #0 - SUBJECT ADDED ENTRY--TOPICAL TERM
Topical term or geographic name entry element Educational surveys.
700 1# - ADDED ENTRY--PERSONAL NAME
Personal name Klein, Arthur Jay,
Dates associated with a name 1884-1957.
740 0# - ADDED ENTRY--UNCONTROLLED RELATED/ANALYTICAL TITLE
Uncontrolled related/analytical title Land-grant colleges and universities.

No items available.

Powered by Koha